|
|
|
|
| LEADER |
00000cam a2200000 7i4500 |
| 001 |
0000023932 |
| 005 |
20111122.0 |
| 008 |
111118s njua eng |
| 020 |
|
|
|a 9780470572290 ,
|c RM222.00
|
| 040 |
|
|
|a INS
|
| 090 |
0 |
0 |
|a HG1573
|b C44 2010
|
| 100 |
1 |
|
|a Choudhry, Moorad
|
| 245 |
1 |
4 |
|a The future of finance :
|b a new model for banking and investment
|c Moorad Choudhry, Gino Landuyt
|
| 260 |
|
|
|a Hoboken :
|b John Wiley & Sons ,
|c 2010
|
| 300 |
|
|
|a xxvi, 198p. :
|b ill. ;
|c 23cm.
|
| 500 |
|
|
|a Includes index
|
| 650 |
|
0 |
|a Banks and banking
|
| 650 |
|
0 |
|a Blobal financial
|
| 650 |
|
0 |
|a Investment
|
| 650 |
|
0 |
|a Portfolio management
|
| 650 |
|
0 |
|a Risk
|
| 700 |
1 |
|
|a Landuyt, Gino
|
| 999 |
|
|
|a 1000000487
|b BOOK
|c Open Shelf
|e Default branch
|